| 000 | 00825nam0a2200277 4500 | ||
|---|---|---|---|
| 001 | RU\NLR\bibl\1246915 | ||
| 005 | 20250615122615.0 | ||
| 010 |
_a978-5-699-23594-0 _95000 |
||
| 021 |
_aRU _b2008-33260 _91828 |
||
| 035 | _a(NLR Aleph) 001233061 | ||
| 090 |
_a210759 _c210759 |
||
| 100 | _a20080630d2007 |||y0rusy50 ca | ||
| 101 | 0 | _arus | |
| 102 | _aRU | ||
| 105 | _ay ||||||||| | ||
| 200 | 1 |
_aAll inclusive. Но не все оплачено _e[роман] _fДенис Полесский |
|
| 210 |
_aМосква _cЭксмо _d2007 |
||
| 215 |
_a314, [1] с. _d17 |
||
| 225 | 1 | _aБойfriend | |
| 517 | 0 | _aНо не все оплачено | |
| 700 | 1 |
_aПолесский _bД. _gДенис _4070 |
|
| 801 | 0 |
_aRU _bNLR _c20080630 _gRCR |
|
| 801 | 1 |
_aRU _bNLR _c20080630 |
|
| 942 | _cBOOK | ||
| 980 | _aNB | ||